[Event "Faxe Dags op"]
[Site "Faxe"]
[Date "2016.05.17"]
[Round "7"]
[White "Andersen, Hans Poul"]
[Black "Nielsen, Ib"]
[Result "1/2-1/2"]
[WhiteElo "1494"]
[BlackElo "1507"]
[PlyCount "93"]
[EventDate "2016.03.30"]
[EventType "swiss"]
[EventRounds "7"]
[EventCountry "DEN"]
[SourceTitle "EXT 2021"]
[Source "ChessBase"]
[SourceDate "2020.10.23"]
[SourceVersion "1"]
[SourceVersionDate "2020.10.23"]
[SourceQuality "1"]

1. e4 e5 2. Bc4 Bc5 3. Nf3 d6 4. d3 Bg4 5. h3 Bh5 6. 0-0 Nc6 7. c3 Na5 8. Nbd2 Nxc4 9. Nxc4 Bxf3 10. Qxf3 Qf6 11. Nd2 a5 12. a3 Qg6 13. Nb3 Bb6 14. Be3 Bxe3 15. fxe3 Nf6 16. Qf5 Qh6 17. Qf3 0-0 18. d4 b6 19. Rad1 Rad8 20. d5 Qg6 21. Nd2 h6 22. c4 Nh7 23. Qf5 Qg3 24. Rf3 Qh4 25. g3 Qe7 26. h4 g6 27. Qg4 Nf6 28. Qh3 h5 29. Rdf1 Ng4 30. Qg2 g5 31. hxg5 Qxg5 32. Qe2 Rd7 33. Kg2 f6 34. Rh1 Rh7 35. Nf1 h4 36. Rh3 f5 37. Rxf5 Rxf5 38. exf5 Qxf5 39. e4 Qg6 40. gxh4 Ne3+ 41. Kh2 Ng4+ 42. Kh1 Qxe4+ 43. Qg2 Qxg2+ 44. Kxg2 Kf7 45. Nd2 Nf6 46. Kf3 Ke7 47. Ne4 1/2-1/2

[Event "Faxe Dags op"]
[Site "Faxe"]
[Date "2016.05.04"]
[Round "6"]
[White "Andersen, Hans Poul"]
[Black "Jacobsen, Knud"]
[Result "1-0"]
[WhiteElo "1494"]
[BlackElo "1038"]
[PlyCount "77"]
[EventDate "2016.03.30"]
[EventType "swiss"]
[EventRounds "7"]
[EventCountry "DEN"]
[SourceTitle "EXT 2021"]
[Source "ChessBase"]
[SourceDate "2020.10.23"]
[SourceVersion "1"]
[SourceVersionDate "2020.10.23"]
[SourceQuality "1"]

1. e4 e5 2. Bc4 Nc6 3. a3 Nf6 4. d3 Be7 5. Nf3 d5 6. exd5 Nxd5 7. 0-0 0-0 8. h3 Bf5 9. Bd2 Nd4 10. Nc3 Nxc3 11. Bxc3 Bf6 12. Nxd4 exd4 13. Bd2 Re8 14. Qf3 Bg6 15. Rae1 Rxe1 16. Rxe1 c6 17. b4 Qd7 18. Qe2 h6 19. Qf3 Re8 20. Re2 Re5 21. Rxe5 Bxe5 22. Kf1 Kh7 23. Bf4 Bxf4 24. Qxf4 b6 25. g4 f5 26. f3 fxg4 27. hxg4 h5 28. Qg3 Qe7 29. Qf2 Qe3 30. gxh5 Qxf2+ 31. Kxf2 Bxh5 32. Be6 g5 33. Kg3 Kg6 34. Bd7 c5 35. b5 Kf6 36. a4 a5 37. bxa6 Ke7 38. a7 Kxd7 39. a8Q 1-0

[Event "Faxe Dags op"]
[Site "Faxe"]
[Date "2015.04.08"]
[Round "1"]
[White "Refsgaard, Kaj"]
[Black "Andersen, Hans Poul"]
[Result "1-0"]
[WhiteElo "1738"]
[BlackElo "1556"]
[PlyCount "61"]
[EventDate "2015.04.07"]
[EventType "swiss"]
[EventRounds "7"]
[EventCountry "DEN"]
[SourceTitle "EXT 2021"]
[Source "ChessBase"]
[SourceDate "2020.10.23"]
[SourceVersion "1"]
[SourceVersionDate "2020.10.23"]
[SourceQuality "1"]

1. d4 d5 2. Bf4 e6 3. Nf3 h6 4. e3 a6 5. Bd3 Be7 6. 0-0 Nc6 7. Nbd2 Nf6 8. Rc1 0-0 9. c4 Bd7 10. Bb1 dxc4 11. Nxc4 Nd5 12. Bg3 b5 13. Nce5 Nxe5 14. Nxe5 Bd6 15. Qc2 f5 16. a3 Qe8 17. e4 Nf6 18. Nxd7 Nxd7 19. Bxd6 cxd6 20. exf5 exf5 21. Qc6 Rf6 22. Rfe1 Qd8 23. Qd5+ Kh8 24. Bxf5 Nb6 25. Qe4 d5 26. Qc2 Qf8 27. Bh3 Nc4 28. Re6 Rf4 29. Rce1 Rxd4 30. Qc3 Rd2 31. Rxh6+ 1-0

[Event "Faxe anniversity"]
[Site "Faxe"]
[Date "2014.05.21"]
[Round "7"]
[White "Andersen, Hans Poul"]
[Black "Nielsen, Flemming"]
[Result "0-1"]
[WhiteElo "1270"]
[BlackElo "1420"]
[PlyCount "60"]
[EventDate "2014.03.26"]
[EventType "swiss"]
[EventRounds "7"]
[EventCountry "DEN"]
[SourceTitle "EXT 2023"]
[Source "ChessBase"]
[SourceDate "2022.10.05"]
[SourceVersion "1"]
[SourceVersionDate "2022.10.05"]
[SourceQuality "1"]

1. e4 e5 2. Bc4 Nf6 3. d3 Bc5 4. h3 Nc6 5. Bd2 a6 6. a3 0-0 7. Nf3 d6 8. 0-0 Be6 9. Bxe6 fxe6 10. b4 Ba7 11. Bc3 Qe7 12. Nbd2 Nd7 13. Bb2 b5 14. c4 Rab8 15. Rc1 bxc4 16. Rxc4 Rb6 17. Qc2 Ndb8 18. Nb3 d5 19. exd5 exd5 20. Rc5 Rd8 21. Bc1 Rd6 22. Qe2 Nd7 23. Rc2 Rg6 24. Nh2 Qh4 25. Qf3 Nf6 26. Qf5 Ne7 27. Qxe5 Qxh3 28. g3 Re6 29. Qxc7 Rxg3+ 30. Kh1 Qg2# 0-1

[Event "Faxe anniversity"]
[Site "Faxe"]
[Date "2014.04.23"]
[Round "4"]
[White "Andersen, Hans Poul"]
[Black "Andersen, Hans E"]
[Result "0-1"]
[WhiteElo "1270"]
[BlackElo "1517"]
[PlyCount "92"]
[EventDate "2014.03.26"]
[EventType "swiss"]
[EventRounds "7"]
[EventCountry "DEN"]
[SourceTitle "EXT 2023"]
[Source "ChessBase"]
[SourceDate "2022.10.05"]
[SourceVersion "1"]
[SourceVersionDate "2022.10.05"]
[SourceQuality "1"]

1. e4 e5 2. Bc4 Bc5 3. Nf3 d6 4. h3 h6 5. d4 exd4 6. Nxd4 Qf6 7. Be3 Nc6 8. c3 Nge7 9. 0-0 Qg6 10. Qf3 0-0 11. Nd2 Ne5 12. Qg3 Nxc4 13. Qxg6 fxg6 14. Nxc4 d5 15. Nd2 g5 16. N4b3 Bd6 17. Bd4 dxe4 18. Nxe4 Nf5 19. Bc5 Bxc5 20. Nexc5 b6 21. Ne4 Bb7 22. Nbd2 Rad8 23. Rad1 Rfe8 24. Ng3 Nh4 25. f3 Rd3 26. Rf2 Red8 27. Ngf1 Bc6 28. Re1 Kf7 29. Re3 R3d5 30. Rfe2 R5d7 31. Nc4 Ng6 32. Ng3 Bb5 33. b3 Bxc4 34. bxc4 Rd1+ 35. Kf2 Nf4 36. Re7+ Kf8 37. Re1 Nd3+ 38. Kf1 Rxe1+ 39. Rxe1 Nxe1 40. Kxe1 Rd3 41. Ne2 Ke7 42. a3 Kd6 43. f4 gxf4 44. Nxf4 Rxc3 45. Nh5 g6 46. Nf4 g5 0-1

[Event "Faxe EMT"]
[Site "Faxe"]
[Date "2013.05.08"]
[Round "5"]
[White "Hansen, Arne Mandrup"]
[Black "Andersen, Hans Poul"]
[Result "1/2-1/2"]
[WhiteElo "1276"]
[BlackElo "1236"]
[PlyCount "60"]
[EventDate "2013.04.03"]
[EventType "swiss"]
[EventRounds "7"]
[EventCountry "DEN"]
[SourceTitle "EXT 2023"]
[Source "ChessBase"]
[SourceDate "2022.10.05"]
[SourceVersion "1"]
[SourceVersionDate "2022.10.05"]
[SourceQuality "1"]

1. d4 d5 2. c4 e6 3. g3 Bb4+ 4. Bd2 Bxd2+ 5. Qxd2 Nf6 6. Bg2 c6 7. Nf3 h6 8. Nc3 Nbd7 9. 0-0 0-0 10. c5 b6 11. b4 a5 12. a3 Bb7 13. Rfb1 b5 14. Qd1 a4 15. Qc2 Re8 16. e4 dxe4 17. Nxe4 Nxe4 18. Qxe4 Qf6 19. Re1 Rad8 20. Rad1 Qf5 21. Nh4 Qxe4 22. Bxe4 Nf6 23. Bg2 Nd5 24. Bxd5 exd5 25. Nf5 Kf8 26. Rxe8+ Rxe8 27. Nd6 Re7 28. Nxb7 Rxb7 29. Re1 Re7 30. Rxe7 Kxe7 1/2-1/2

[Event "Faxe Eftermiddag-D"]
[Site "Faxe"]
[Date "2012.10.10"]
[Round "3"]
[White "Andersen, Hans Poul"]
[Black "Eriksen, Knud"]
[Result "1/2-1/2"]
[WhiteElo "1261"]
[BlackElo "1331"]
[PlyCount "60"]
[EventDate "2012.09.26"]
[EventType "swiss"]
[EventRounds "5"]
[EventCountry "DEN"]
[SourceTitle "EXT 2023"]
[Source "ChessBase"]
[SourceDate "2022.10.05"]
[SourceVersion "1"]
[SourceVersionDate "2022.10.05"]
[SourceQuality "1"]

1. e4 e5 2. Bc4 Nf6 3. Nc3 d6 4. h3 Be7 5. Nf3 0-0 6. d3 Nc6 7. 0-0 a6 8. a3 Bd7 9. Bg5 h6 10. Bxf6 Bxf6 11. Bd5 Qc8 12. Bxc6 Bxc6 13. d4 exd4 14. Nxd4 Bxd4 15. Qxd4 Qe6 16. f3 Qg6 17. Nd5 Bxd5 18. Qxd5 c6 19. Qd2 Rab8 20. c3 Rfd8 21. Qf2 d5 22. Rad1 Qe6 23. Rfe1 Qc8 24. Rd4 dxe4 25. Rdxe4 Rd7 26. Qh4 Qc7 27. Qf2 Rbd8 28. Qc2 Kf8 29. Qe2 Kg8 30. Re8+ Rxe8 1/2-1/2

[Event "Faxe Eftermiddag EMT Monrad"]
[Site "Faxe"]
[Date "2011.09.21"]
[Round "3"]
[White "Ostrem, Eyolf"]
[Black "Andersen, Hans Poul"]
[Result "1-0"]
[WhiteElo "1438"]
[BlackElo "1276"]
[PlyCount "77"]
[EventDate "2011.09.07"]
[EventType "swiss"]
[EventRounds "5"]
[EventCountry "DEN"]
[SourceTitle "EXT 2023"]
[Source "ChessBase"]
[SourceDate "2022.10.05"]
[SourceVersion "1"]
[SourceVersionDate "2022.10.05"]
[SourceQuality "1"]

1. c4 Nf6 2. Nc3 e6 3. e4 d6 4. d4 Be7 5. Be2 h6 6. e5 dxe5 7. dxe5 Qxd1+ 8. Bxd1 Nfd7 9. f4 0-0 10. a3 a6 11. Nf3 Bc5 12. b4 Ba7 13. Bc2 Rd8 14. c5 Nf8 15. Be3 Bd7 16. Rd1 Nc6 17. Ke2 b6 18. cxb6 Bxb6 19. Be4 Rab8 20. Rxd7 Nxd7 21. Bxc6 Bxe3 22. Kxe3 Nb6 23. Nd2 Kf8 24. Rc1 f5 25. exf6 gxf6 26. Nce4 Nd5+ 27. Bxd5 exd5 28. Nxf6 Ke7 29. Ng4 Kd6 30. Ne5 Re8 31. Rc6+ Ke7 32. Kd4 Rb7 33. Rxh6 Rb6 34. Rh7+ Kd8 35. Nb3 Rf6 36. g3 Rff8 37. Na5 Rh8 38. Rxh8 Rxh8 39. Nf7+ 1-0

[Event "Faxe EMT"]
[Site "Faxe"]
[Date "2008.04.02"]
[Round "2"]
[White "Andersen, Hans Poul"]
[Black "Nielsen, Johannes"]
[Result "1/2-1/2"]
[WhiteElo "1280"]
[BlackElo "1005"]
[PlyCount "83"]
[EventDate "2008.03.26"]
[EventType "swiss"]
[EventRounds "7"]
[EventCountry "DEN"]
[SourceTitle "EXT 2023"]
[Source "ChessBase"]
[SourceDate "2022.10.05"]
[SourceVersion "1"]
[SourceVersionDate "2022.10.05"]
[SourceQuality "1"]

1. e4 e5 2. Bc4 Nf6 3. d3 c6 4. a3 d5 5. exd5 cxd5 6. Ba2 Nc6 7. Ne2 Bc5 8. h3 0-0 9. 0-0 Re8 10. Nbc3 Be6 11. b4 Bb6 12. Bb2 Qc7 13. Ng3 a6 14. Nce2 Rad8 15. Qc1 d4 16. Bxe6 Rxe6 17. Kh1 h6 18. f4 e4 19. dxe4 Nxe4 20. Nxe4 Rxe4 21. Ng3 Re6 22. f5 Re3 23. Nh5 f6 24. Qd1 Qe5 25. Qg4 Rd7 26. Rad1 Re4 27. Qg3 Qxg3 28. Nxg3 Re3 29. Rd3 Rxd3 30. cxd3 Ne5 31. Rd1 Rc7 32. Ne4 Rc6 33. Bc1 Nxd3 34. Rxd3 Rxc1+ 35. Kh2 Bc7+ 36. g3 Be5 37. Kg2 Rc2+ 38. Kf3 g5 39. fxg6 Kg7 40. Nc5 Rc3 41. g4 Kxg6 42. Ke4 1/2-1/2

[Event "Ostsjaellands op"]
[Site "Faxe"]
[Date "2006.05.03"]
[Round "7"]
[White "Nielsen, Poul Erik2222"]
[Black "Andersen, Hans Poul"]
[Result "0-1"]
[WhiteElo "1241"]
[BlackElo "1419"]
[PlyCount "58"]
[EventDate "2006.03.15"]
[EventType "swiss"]
[EventRounds "7"]
[EventCountry "DEN"]
[SourceTitle "EXT 2023"]
[Source "ChessBase"]
[SourceDate "2022.10.05"]
[SourceVersion "1"]
[SourceVersionDate "2022.10.05"]
[SourceQuality "1"]

1. Nf3 d5 2. d4 Nc6 3. a3 e6 4. c4 Nf6 5. cxd5 exd5 6. Nc3 Be7 7. Bf4 a6 8. h3 h6 9. Rc1 Bd7 10. Ne5 0-0 11. Nxd7 Qxd7 12. e3 Bd6 13. Bxd6 Qxd6 14. Bd3 Rfe8 15. 0-0 Ne7 16. Ne2 c6 17. Nf4 Rad8 18. Qb3 Rd7 19. Rc2 Ne4 20. Rfc1 Ng6 21. Nxg6 Qxg6 22. f3 Qg5 23. fxe4 Qxe3+ 24. Kh1 Rxe4 25. Re2 Qxc1+ 26. Kh2 Qf4+ 27. Kg1 Rxe2 28. Bxe2 Qxd4+ 29. Kh1 Re7 0-1

[Event "Ostsjaellands op"]
[Site "Faxe"]
[Date "2006.04.05"]
[Round "4"]
[White "Andersen, Hans Poul"]
[Black "Eckert, Svend"]
[Result "0-1"]
[WhiteElo "1419"]
[BlackElo "1568"]
[PlyCount "94"]
[EventDate "2006.03.15"]
[EventType "swiss"]
[EventRounds "7"]
[EventCountry "DEN"]
[SourceTitle "EXT 2023"]
[Source "ChessBase"]
[SourceDate "2022.10.05"]
[SourceVersion "1"]
[SourceVersionDate "2022.10.05"]
[SourceQuality "1"]

1. e4 c6 2. d4 d5 3. e5 Bf5 4. Bd3 Qc8 5. h3 h5 6. Nf3 Nh6 7. Nh4 Bxd3 8. Qxd3 e6 9. Bxh6 Rxh6 10. Qg3 c5 11. Qc3 Nd7 12. Nf3 cxd4 13. Qxc8+ Rxc8 14. Nxd4 Nxe5 15. 0-0 Rg6 16. Nd2 Bc5 17. N4f3 Nxf3+ 18. Nxf3 Bd6 19. c3 Rc4 20. Rad1 b5 21. a3 a5 22. Rd3 Rc7 23. Re1 Kd7 24. Ne5+ Bxe5 25. Rxe5 f5 26. Ree3 Rf6 27. f4 h4 28. b3 Kd6 29. Re2 Rf8 30. Rde3 Re8 31. Rd3 Rc6 32. Kh2 Rec8 33. Ree3 Rg8 34. g3 g5 35. fxg5 Rxg5 36. gxh4 Rh5 37. Rg3 Rxh4 38. Rg6 Ke5 39. Re3+ Re4 40. Rgg3 f4 41. Rg5+ Kf6 42. Rxe4 dxe4 43. Rxb5 Rxc3 44. Rxa5 Rxb3 45. Ra4 Kf5 46. Ra8 e3 47. Kg2 Rb2+ 0-1

[Event "Ostsjaellands op"]
[Site "Faxe"]
[Date "2006.03.29"]
[Round "3"]
[White "Eriksen, Knud"]
[Black "Andersen, Hans Poul"]
[Result "1/2-1/2"]
[WhiteElo "1142"]
[BlackElo "1419"]
[PlyCount "66"]
[EventDate "2006.03.15"]
[EventType "swiss"]
[EventRounds "7"]
[EventCountry "DEN"]
[SourceTitle "EXT 2023"]
[Source "ChessBase"]
[SourceDate "2022.10.05"]
[SourceVersion "1"]
[SourceVersionDate "2022.10.05"]
[SourceQuality "1"]

1. e4 e5 2. Nf3 d6 3. Bc4 Be7 4. 0-0 h6 5. h3 Nf6 6. d3 a6 7. c3 b5 8. Bb3 0-0 9. Be3 Nh7 10. Nbd2 Bb7 11. d4 Nd7 12. a3 Ng5 13. Nxg5 Bxg5 14. Bxg5 Qxg5 15. f3 exd4 16. cxd4 Qe3+ 17. Kh1 Qxd4 18. Qc2 c5 19. Rad1 Qf6 20. Ba2 c4 21. b3 cxb3 22. Nxb3 Ne5 23. Qc7 Bc6 24. Rxd6 Rfc8 25. Qxc8+ Rxc8 26. Rxf6 gxf6 27. Rc1 Rd8 28. f4 Nc4 29. Nc5 Ne3 30. Bb1 Rd1+ 31. Rxd1 Nxd1 32. Nxa6 Nf2+ 33. Kh2 Bxe4 1/2-1/2

[Event "Faxe EMT"]
[Site "Faxe"]
[Date "2005.05.18"]
[Round "7"]
[White "Eriksen, Knud"]
[Black "Andersen, Hans Poul"]
[Result "0-1"]
[WhiteElo "1131"]
[BlackElo "1400"]
[PlyCount "64"]
[EventDate "2005.03.30"]
[EventType "swiss"]
[EventRounds "7"]
[EventCountry "DEN"]
[SourceTitle "EXT 2023"]
[Source "ChessBase"]
[SourceDate "2022.10.05"]
[SourceVersion "1"]
[SourceVersionDate "2022.10.05"]
[SourceQuality "1"]

1. e4 e5 2. Nf3 Nc6 3. Bc4 d6 4. h3 h6 5. d3 Be7 6. Be3 Nf6 7. Nc3 a6 8. a3 0-0 9. 0-0 b5 10. Ba2 Bd7 11. b4 Be6 12. Qd2 Nh7 13. Ne2 Bxa2 14. Rxa2 Ng5 15. Nxg5 Bxg5 16. Bxg5 Qxg5 17. Qxg5 hxg5 18. Ng3 g6 19. Raa1 Nd4 20. Rac1 Kg7 21. c3 Ne6 22. Ne2 f5 23. f3 f4 24. Kf2 c5 25. Rfd1 Rfc8 26. Kf1 a5 27. Kf2 axb4 28. axb4 Ra2 29. Rb1 cxb4 30. cxb4 Rcc2 31. Rf1 Rxe2+ 32. Kg1 Rxg2+ 0-1